| 000 | 01072nam a22003371i 4500 | ||
|---|---|---|---|
| 003 | OSt | ||
| 005 | 20201201120206.0 | ||
| 008 | 201201t20012001nyua|||jr|||| 000 1 eng d | ||
| 020 |
_a0439206421 _qpaperback |
||
| 020 |
_a078073003990 _qpaperback |
||
| 040 |
_aPPAK _beng _cPPAK _erda |
||
| 082 | 0 | 4 |
_223 _a813.54 |
| 090 |
_a813.54 _bSHA _dK |
||
| 100 | 1 |
_aShaw, Gina. _eauthor |
|
| 245 | 1 | 0 |
_aHOORAY FOR TEETH ! / _cby Gina Shaw ; Illustrated by Greg Neri. |
| 264 | 1 |
_aNew York : _bScholastic, _c2001 |
|
| 264 | 1 | _c©2001 | |
| 300 |
_a30 unnumbered pages : _bcolour illustrations ; _c23 |
||
| 336 |
_2rdacontent _atext |
||
| 337 |
_2rdamedia _aunmediated |
||
| 338 |
_2rdacarrier _avolume |
||
| 490 | 1 |
_aHello reader! _vLevel 2 |
|
| 500 | _a"Cartwheel books" | ||
| 520 | _aOffers young readers information about their teeth, including how to care for them properly. | ||
| 521 | _aKindergarten- Grade 2 | ||
| 521 | _aAges 5-7 | ||
| 650 | 0 |
_aTeeth _xFiction |
|
| 700 | 1 |
_aNeri, Greg, _eillustrator. |
|
| 830 | 0 |
_aHello reader! _vLevel 2. |
|
| 942 |
_2ddc _cB |
||
| 999 |
_c180298 _d180298 |
||